000 00479nam a2200169Ia 4500
999 _c26758
_d26758
003 OSt
005 20201127145232.0
008 190216s9999||||xx |||||||||||||| ||und||
040 _coclc
082 _a920
_bNAL/B
100 _aNalinakumari, P
_96791
245 0 _aBharatha Rathnam /
_cP Nalinakumari
260 _bKerala Bhasha Institute,
_aKozhikode;
_c1992.
300 _a118p
650 _aJeeva Charithram
942 _cBK
_2ddc
_h920
_iNAL/B
_k920
_mNAL/B